000 00763nam a2200265Ia 4500
003 OSt
005 20220918165943.0
006 a|||||r|||| 00| 0
007 ta
008 220917b |||||||| |||| 00| 0 eng d
020 _a818531814X (hbk)
024 _a12,472
037 _cTextual
040 _aARTS
_cARTS
_beng
041 _2eng
_aeng
082 _aV2:20j47.N9, N1
100 _aMehta Piarey Lal
_926377
245 0 _aConstitutional protection to scheduled tribes in India in Retrospect and prospects
260 _aDelhi
_bH K Pub
_c1991
300 _a508p.
_ccm.
500 _aBibliography 489-508; Includes index
650 _aHISTORY
942 _hV2:20j47.N9, N1
_cTEXL
_2CC
999 _c131959
_d131959